Head first servlets and JSP

This book will get you way up to speed on the technology you'll know it so well, in fact, that you can pass the brand new J2EE 1.5 exam. If that's what you want to do, that is. Maybe you don't care about the exam, but need to use servlets and JSPs in your next project. You're wor...

全面介紹

Đã lưu trong:
書目詳細資料
主要作者: Basham, Bryan
格式: 圖書
語言:Undetermined
出版: Beijing O'Reilly 2008
主題:
標簽: 添加標簽
沒有標簽, 成為第一個標記此記錄!
Thư viện lưu trữ: Trung tâm Học liệu Trường Đại học Cần Thơ
LEADER 01057nam a2200205Ia 4500
001 CTU_227019
008 210402s9999 xx 000 0 und d
020 |c 1707000 
082 |a 005.376 
082 |b B299 
100 |a Basham, Bryan 
245 0 |a Head first servlets and JSP 
245 0 |c Bryan Basham, Kathy Sierra, Bert Bates 
260 |a Beijing 
260 |b O'Reilly 
260 |c 2008 
520 |a This book will get you way up to speed on the technology you'll know it so well, in fact, that you can pass the brand new J2EE 1.5 exam. If that's what you want to do, that is. Maybe you don't care about the exam, but need to use servlets and JSPs in your next project. You're working on a deadline. You're over the legal limit for caffeine. You can't waste your time with a book that makes sense only AFTER you're an expert (or worse, one that puts you to sleep). 
650 |a Java (ngôn ngữ lập trình máy tính),Java (Computer program language) 
910 |b dqhieu 
980 |a Trung tâm Học liệu Trường Đại học Cần Thơ